La guerra de los panes (Record no. 21885)

MARC details
000 -LEADER
campo de control de longitud fija 00696nmc a2200277 a 4500
003 - IDENTIFICADOR DE NÚMERO DE CONTROL
campo de control AR-Y00000XR
005 - FECHA Y HORA DE LA ÚLTIMA TRANSACCIÓN
campo de control 20251128211957.0
008 - DATOS DE LONGITUD FIJA--INFORMACIÓN GENERAL
campo de control de longitud fija 237020s2007 ||||||||||||||000 | spa||
020 ## - NÚMERO INTERNACIONAL ESTÁNDAR DEL LIBRO
Número Internacional Estándar del Libro 978-950-07-2046-5
040 ## - FUENTE DE CATALOGACIÓN
Centro/agencia transcriptor AR-Y00000XR
100 1# - ENTRADA PRINCIPAL--NOMBRE DE PERSONA
Nombre de persona Montes, Graciela
245 10 - MENCIÓN DEL TÍTULO
Título La guerra de los panes
250 ## - MENCION DE EDICION
Mención de edición 14ª ed.
260 ## - PUBLICACIÓN, DISTRIBUCIÓN, ETC.
Lugar de publicación, distribución, etc. Buenos Aires
Nombre del editor, distribuidor, etc. Sudamericana
Fecha de publicación, distribución, etc. 2007
300 0# - DESCRIPCIÓN FÍSICA
Extensión 55 p.
Otros detalles físicos il.
490 #0 - MENCIÓN DE SERIE
Mención de serie Pan Flauta
Designación de volumen o secuencia v. 25
650 #4 - PUNTO DE ACCESO ADICIONAL DE MATERIA--TÉRMINO DE MATERIA
Término de materia o nombre geográfico como elemento de entrada CUENTO INFANTIL
650 #4 - PUNTO DE ACCESO ADICIONAL DE MATERIA--TÉRMINO DE MATERIA
Término de materia o nombre geográfico como elemento de entrada LITERATURA ARGENTINA
650 #4 - PUNTO DE ACCESO ADICIONAL DE MATERIA--TÉRMINO DE MATERIA
Término de materia o nombre geográfico como elemento de entrada LITERATURA INFANTIL
650 #4 - PUNTO DE ACCESO ADICIONAL DE MATERIA--TÉRMINO DE MATERIA
Término de materia o nombre geográfico como elemento de entrada HUMOR
655 ## - TERMINO DE INDIZACIÓN--GENERO/FORMA
Datos o término principal de género/forma LITERATURA
700 1# - ENTRADA AGREGADA--NOMBRE PERSONAL
Nombre de persona Torres, Elena
Término indicativo de función/relación ilustrador
800 0# - PUNTO DE ACCESO ADICIONAL DE SERIE--NOMBRE DE PERSONA
Nombre de persona Canela
942 ## - ELEMENTOS DE ENTRADA SECUNDARIOS (KOHA)
Tipo de ítem Koha Libros
998 ## - INFORMACIÓN DE CONTROL LOCAL (RLIN)
Iniciales del catalogador, CIN (RLIN) me-solo cat
Holdings
Estatus retirado Estado de pérdida Fuente de la clasificación o esquema de estantería Estado de daño No para préstamo Biblioteca de origen Biblioteca actual Fecha de adquisición Fuente de adquisición Total de préstamos Signatura topográfica completa Código de barras Visto por última vez Precio de reemplazo Tipo de ítem Koha
    Clasificación Decimal Dewey     Liberty Liberty 28/11/2025 C-BP-022   82-93 C-PF 25 145593 28/11/2025 28/11/2025 Libros
    Clasificación Decimal Dewey     Liberty Liberty 28/11/2025 C-BP-022   82-93 C-PF 25 145594 28/11/2025 28/11/2025 Libros